Knihy
Uloženo v:
LEADER 02815cam a2200769 i 4500
001 nkc20183004480
003 CZ PrNK
005 20190408072812.0
007 ta
008 180605s2018 xr f 000 0 cze d
015 |a cnb003004480 
020 |a 978-80-85997-45-3  |q (brožováno)  |z 978-80-85997-45 
035 |a (OCoLC)1096291090 
040 |a KLG001  |b cze  |d ABA001  |e rda 
041 1 |a cze  |h eng 
072 7 |a 14  |x Filozofické systémy a hlediska  |2 Konspekt  |9 5 
080 |a 316.6  |2 MRF 
080 |a 141.7  |2 MRF 
080 |a 159.98:32  |2 MRF 
080 |a 159.98:2  |2 MRF 
080 |a 176  |2 MRF 
080 |a 2-474-256-277  |2 MRF 
080 |a 118  |2 MRF 
080 |a 133  |2 MRF 
080 |a 2-231  |2 MRF 
080 |a (0:82-4)  |2 MRF 
100 1 |a Reich, Wilhelm,  |d 1897-1957  |7 jn20000604605  |4 aut 
240 1 0 |a Murder of Christ.  |l Česky 
245 1 0 |a Vražda Krista, aneb, Emoční mor lidstva /  |c Wilhelm Reich ; z anglického originálu The murder of Christ přeložili Aleš Pech a Martin Machovec 
246 3 0 |a Emoční mor lidstva 
246 1 4 |a WRVK 
246 1 8 |a Vražda Krista 
264 1 |a Praha :  |b Concordia,  |c 2018 
300 |a 273 stran ;  |c 20 cm 
336 |a text  |b txt  |2 rdacontent 
337 |a bez média  |b n  |2 rdamedia 
338 |a svazek  |b nc  |2 rdacarrier 
500 |a Oobálkový název tvoří iniciály autora a počáteční písmena názvu 
504 |a Obsahuje bibliografii a bibliografické odkazy 
600 0 7 |a Ježíš Kristus  |7 ola2002103454  |2 czenas 
600 0 9 |a Jesus Christ  |2 eczenas 
650 0 7 |a sociální filozofie  |7 ph125785  |2 czenas 
650 0 7 |a sociální psychologie  |7 ph116212  |2 czenas 
650 0 7 |a politická psychologie  |7 ph249612  |2 czenas 
650 0 7 |a psychologie náboženství  |7 ph115950  |2 czenas 
650 0 7 |a sexuální morálka  |7 ph125509  |2 czenas 
650 0 7 |a energie  |7 ph114472  |x esoterické aspekty  |2 czenas 
650 0 7 |a biblická interpretace  |7 ph118847  |x esoterické pojetí  |2 czenas 
650 0 7 |a biblické citáty  |7 ph118853  |2 czenas 
650 0 9 |a social philosophy  |2 eczenas 
650 0 9 |a social psychology  |2 eczenas 
650 0 9 |a political psychology  |2 eczenas 
650 0 9 |a religious psychology  |2 eczenas 
650 0 9 |a sexual morality  |2 eczenas 
650 0 9 |a energy  |x esoteric approach  |2 eczenas 
650 0 9 |a Biblical interpretation  |x esoteric approach  |2 eczenas 
650 0 9 |a Biblical quotations  |2 eczenas 
655 7 |a eseje  |7 fd132213  |2 czenas 
655 9 |a essays  |2 eczenas 
700 1 |a Pech, Aleš,  |d 1957-2002  |7 jn20001005611  |4 trl 
700 1 |a Machovec, Martin,  |d 1956-  |7 ola2002105173  |4 trl 
910 2 |a BOA001  |b 1-1419.990 
920 |a 1186676  |z KLG001 
990 |a BK 
995 |a 01 
991 |b 201902  |c NOV 
996 6 |b 2610771616  |c 1-1419.990  |l MZK  |r Sklad / do 1 hodiny  |n 1  |p p.v.  |w 001709047  |u 000010  |a 1  |e BOA001  |j MZK50  |s P